000 00239nam a22000857a 4500
999 _c516423
_d516423
100 _aDeve, Cataria
_922919
245 _aBeyond horizon :
_bIs a beautiful virgin world
_cby Cataria Deve
260 _aNew Delhi
_bVandeepkam
_c2002
300 _a256p.